[Event "40th ECC Open 2025"]
[Site "Rhodes GRE"]
[Date "2025.10.22"]
[Round "4.43"]
[White "Mamedov, Rauf"]
[Black "Erigaisi, Arjun"]
[Result "1/2-1/2"]
[WhiteTitle "GM"]
[BlackTitle "GM"]
[WhiteElo "2655"]
[BlackElo "2773"]
[WhiteTeam "Vugar Gashimov"]
[BlackTeam "Alkaloid"]
[WhiteFideId "13401653"]
[BlackFideId "35009192"]
[EventDate "2025.10.19"]
[EventType "team"]

1. e4 d6 2. d4 Nf6 3. Nc3 g6 4. Be3 Bg7 5. Qd2 a6 6. f3 b5 7. O-O-O Nbd7 8. Bh6
Bxh6 9. Qxh6 e6 10. h4 Qe7 11. Nh3 Bb7 12. Nf2 O-O-O 13. Qe3 Kb8 14. a4 b4 15.
Nb1 c5 16. dxc5 Nxc5 17. Nd3 Nxd3+ 18. Bxd3 Nd7 19. Nd2 Nc5 20. Nb3 Nxa4 21. Qd4
d5 22. exd5 Bxd5 23. Bxa6 Bxb3 24. Qe5+ Qc7 25. Qxc7+ Kxc7 26. cxb3 Nb6 27. Kc2
Rxd1 28. Rxd1 Ra8 29. Bc4 Ra5 30. Rd4 Ra1 31. Rf4 f5 32. Bxe6 Re1 33. Bg8 Re2+
34. Kd3 Rxg2 35. Rxb4 h6 36. Be6 Rf2 37. Ke3 Rxb2 38. Rd4 g5 39. hxg5 hxg5 40.
Bxf5 Rxb3+ 41. Ke4 Rb5 42. Be6 Ra5 43. f4 1/2-1/2

[Event "40th ECC Open 2025"]
[Site "Rhodes GRE"]
[Date "2025.10.22"]
[Round "4.44"]
[White "Wei, Yi"]
[Black "Suleymanli, Aydin"]
[Result "1/2-1/2"]
[WhiteTitle "GM"]
[BlackTitle "GM"]
[WhiteElo "2754"]
[BlackElo "2614"]
[WhiteTeam "Alkaloid"]
[BlackTeam "Vugar Gashimov"]
[WhiteFideId "8603405"]
[BlackFideId "13413937"]
[EventDate "2025.10.19"]
[EventType "team"]

1. Nf3 Nf6 2. d4 e6 3. e3 d5 4. Nbd2 c5 5. b3 cxd4 6. exd4 Qa5 7. Bd3 Bb4 8. Bb2
Bc3 9. Qc1 Ne4 10. Bxc3 Qxc3 11. O-O Nxd2 12. Qxd2 Qxd2 13. Nxd2 Nc6 14. c3 Bd7
15. f4 Rc8 16. f5 exf5 17. Bxf5 Bxf5 18. Rxf5 Ne7 19. Re1 Rxc3 20. Rxd5 Rc7 21.
Rc5 Rd7 22. Rc8+ Rd8 23. Rc7 Rd7 24. Rc8+ Rd8 25. Rc4 Rd7 26. Ne4 b6 27. d5 Rxd5
28. Nc3 Rd7 29. Rc8+ Rd8 30. Rc7 Rd7 31. Rc8+ Rd8 32. Rc7 Rd7 33. Rc8+ 1/2-1/2

[Event "40th ECC Open 2025"]
[Site "Rhodes GRE"]
[Date "2025.10.22"]
[Round "4.45"]
[White "Nogerbek, Kazybek"]
[Black "Yu, Yangyi"]
[Result "0-1"]
[WhiteTitle "GM"]
[BlackTitle "GM"]
[WhiteElo "2543"]
[BlackElo "2720"]
[WhiteTeam "Vugar Gashimov"]
[BlackTeam "Alkaloid"]
[WhiteFideId "13710427"]
[BlackFideId "8603820"]
[EventDate "2025.10.19"]
[EventType "team"]

1. d4 Nf6 2. c4 e6 3. Nf3 d5 4. Nc3 c6 5. e3 Nbd7 6. Qc2 Bd6 7. Be2 O-O 8. O-O
b6 9. b3 Bb7 10. Bb2 Rc8 11. Rad1 c5 12. cxd5 cxd4 13. Rxd4 Nxd5 14. Rc4 Rxc4
15. Bxc4 N5f6 16. Qe2 Qb8 17. h3 Ne5 18. Nxe5 Bxe5 19. Ba6 Bxa6 20. Qxa6 Rc8 21.
Rc1 h6 22. Qd3 Qb7 23. Qb1 b5 24. Ne2 Rxc1+ 25. Qxc1 Bxb2 26. Qxb2 b4 27. a3 Ne4
28. f3 Nc5 29. axb4 Qxb4 30. Qd4 Qxd4 31. Nxd4 a5 32. f4 f6 33. Kf2 Kf7 34. Ke2
e5 35. fxe5 fxe5 36. Nc6 Nxb3 37. Nxe5+ Ke6 38. Nc4 Kd5 39. Kd3 Nc5+ 40. Kc3 a4
41. Na3 Ke4 42. Kd2 h5 43. Nc4 g6 44. Na3 Nd7 45. Nc4 Ne5 46. Na3 h4 47. Nb5
Nc4+ 48. Ke2 a3 49. Nc3+ Ke5 50. Kd3 Nb6 51. Ke2 Nd5 52. Na2 Ke4 53. Kf2 Nxe3
54. g3 Nd1+ 55. Kg2 Kd3 56. gxh4 Nc3 57. Nb4+ Kc4 58. Nc2 a2 59. Kf3 Kb3 60.
Na1+ Kb2 0-1

[Event "40th ECC Open 2025"]
[Site "Rhodes GRE"]
[Date "2025.10.22"]
[Round "4.46"]
[White "Aravindh, Chithambaram VR."]
[Black "Ahmadzada, Ahmad"]
[Result "1-0"]
[WhiteTitle "GM"]
[BlackTitle "GM"]
[WhiteElo "2711"]
[BlackElo "2523"]
[WhiteTeam "Alkaloid"]
[BlackTeam "Vugar Gashimov"]
[WhiteFideId "5072786"]
[BlackFideId "13413007"]
[EventDate "2025.10.19"]
[EventType "team"]

1. e4 e5 2. Nf3 Nc6 3. Bb5 a6 4. Ba4 Nf6 5. O-O Be7 6. d3 b5 7. Bb3 d6 8. a3 O-O
9. Nc3 Bg4 10. Be3 Qd7 11. h3 Be6 12. Rc1 h6 13. Re1 Na5 14. Bxe6 Qxe6 15. Nh2
d5 16. exd5 Nxd5 17. Nxd5 Qxd5 18. b4 Nc6 19. c4 bxc4 20. Rxc4 Bd6 21. Bxh6 f5
22. Qh5 e4 23. Bxg7 Kxg7 24. Qg5+ Kf7 25. Rcxe4 Rg8 26. Qh5+ Rg6 27. Ng4 Rh8 28.
Qxh8 fxe4 29. Rxe4 Qxd3 30. Re1 Qd2 31. Qh7+ Kf8 32. Qh8+ Kf7 33. Qe8+ Kg7 34.
Qd7+ Kh8 35. Re8+ Rg8 36. Rxg8+ Kxg8 37. Nf6+ Kf8 38. Nh7+ Kg8 39. Nf6+ Kf8 40.
Qe8+ Kg7 41. Nh5+ 1-0

[Event "40th ECC Open 2025"]
[Site "Rhodes GRE"]
[Date "2025.10.22"]
[Round "4.47"]
[White "Samadov, Read"]
[Black "Ivic, Velimir"]
[Result "1-0"]
[WhiteTitle "IM"]
[BlackTitle "GM"]
[WhiteElo "2523"]
[BlackElo "2628"]
[WhiteTeam "Vugar Gashimov"]
[BlackTeam "Alkaloid"]
[WhiteFideId "13417444"]
[BlackFideId "950122"]
[EventDate "2025.10.19"]
[EventType "team"]

1. d4 Nf6 2. c4 e6 3. Nf3 Bb4+ 4. Nbd2 O-O 5. a3 Be7 6. e4 d6 7. Bd3 e5 8. O-O
Re8 9. Re1 exd4 10. Nxd4 Nfd7 11. Nf5 Bf6 12. Nf3 Nc6 13. Rb1 Nde5 14. Bf4 g6
15. Ne3 Nxf3+ 16. Qxf3 Nd4 17. Qd1 Be5 18. Bg3 h5 19. f3 h4 20. Bf2 Qg5 21. Kh1
c6 22. b4 a5 23. b5 Be6 24. bxc6 bxc6 25. Nf1 Qf6 26. h3 Rab8 27. Be3 Bf4 28.
Qd2 Bxe3 29. Nxe3 Nb3 30. Qf2 Nc5 31. Bc2 Rxb1 32. Rxb1 Qc3 33. f4 Bd7 34. e5
dxe5 35. f5 Qd4 36. fxg6 fxg6 37. Qf6 Re6 38. Rb8+ Be8 39. Rxe8+ Rxe8 40. Qxg6+
Kf8 41. Qf6+ Kg8 42. Nf5 1-0

[Event "40th ECC Open 2025"]
[Site "Rhodes GRE"]
[Date "2025.10.22"]
[Round "4.48"]
[White "Puranik, Abhimanyu"]
[Black "Manafov, Vugar"]
[Result "1-0"]
[WhiteTitle "GM"]
[BlackTitle "IM"]
[WhiteElo "2615"]
[BlackElo "2420"]
[WhiteTeam "Alkaloid"]
[BlackTeam "Vugar Gashimov"]
[WhiteFideId "5061245"]
[BlackFideId "13410814"]
[EventDate "2025.10.19"]
[EventType "team"]

1. e4 c5 2. Nf3 e6 3. d4 cxd4 4. Nxd4 a6 5. Bd3 Bc5 6. Nb3 Ba7 7. Qe2 Ne7 8. Nc3
O-O 9. Bd2 Nbc6 10. h4 d5 11. exd5 exd5 12. O-O-O d4 13. Ne4 Ne5 14. h5 h6 15.
Bb4 Bf5 16. Kb1 Nxd3 17. cxd3 Re8 18. Nd6 Nd5 19. Qf3 Nxb4 20. Nxf5 Nc6 21. Nd2
Re5 22. Ne4 Qc8 23. Neg3 Qf8 24. Rde1 Rae8 25. Re4 Rxe4 26. Nxe4 Bb8 27. Qg4 Kh8
28. f4 Nd8 29. Rc1 Ne6 30. g3 Rc8 31. Rxc8 Qxc8 32. Nh4 Qd8 33. a3 b5 34. Nf3 b4
35. axb4 Qd5 36. f5 Qb3 37. Nf2 Ng5 38. Nxg5 hxg5 39. Qxd4 Bxg3 40. h6 f6 41.
Qd8+ Kh7 42. Qe8 gxh6 43. Qg6+ Kh8 44. Qxf6+ Kg8 45. Qg6+ Kf8 46. f6 Qg8 47.
Qxh6+ Kf7 48. Ne4 Bf4 49. Qh5+ Ke6 50. Qg4+ Ke5 51. Qd7 Qe6 52. Qg7 1-0

[Event "40th ECC Open 2025"]
[Site "Rhodes GRE"]
[Date "2025.10.22"]
[Round "4.49"]
[White "Keymer, Vincent"]
[Black "Gelfand, Boris"]
[Result "1-0"]
[WhiteTitle "GM"]
[BlackTitle "GM"]
[WhiteElo "2755"]
[BlackElo "2636"]
[WhiteTeam "Novy Bor"]
[BlackTeam "Rishon Le Zion #1"]
[WhiteFideId "12940690"]
[BlackFideId "2805677"]
[EventDate "2025.10.19"]
[EventType "team"]

1. e4 c5 2. Nf3 Nc6 3. Bb5 e6 4. O-O Nge7 5. Re1 Nd4 6. Nxd4 cxd4 7. c3 a6 8.
Bf1 Nc6 9. b4 Be7 10. a4 O-O 11. Na3 d5 12. exd5 exd5 13. b5 axb5 14. axb5 Nb8
15. cxd4 Nd7 16. Bb2 Nf6 17. Nc2 Be6 18. Rxa8 Qxa8 19. Re3 Rc8 20. Ba3 Bd8 21.
Rc3 Qa4 22. Bc5 Qa8 23. f3 Nd7 24. Bd6 Rxc3 25. dxc3 Qa2 26. Bd3 Nb6 27. Ne3 Na4
28. Qe1 Qb3 29. Bb4 Bg5 30. h4 Bf4 31. Bf5 h5 32. Bxe6 fxe6 33. Ng4 e5 34. Nxe5
Qc2 35. Nd7 Kh7 36. Nf8+ Kh6 37. Ne6 1-0

[Event "40th ECC Open 2025"]
[Site "Rhodes GRE"]
[Date "2025.10.22"]
[Round "4.50"]
[White "Rodshtein, Maxim"]
[Black "Vidit, Santosh Gujrathi"]
[Result "1/2-1/2"]
[WhiteTitle "GM"]
[BlackTitle "GM"]
[WhiteElo "2647"]
[BlackElo "2716"]
[WhiteTeam "Rishon Le Zion #1"]
[BlackTeam "Novy Bor"]
[WhiteFideId "2806851"]
[BlackFideId "5029465"]
[EventDate "2025.10.19"]
[EventType "team"]

1. d4 Nf6 2. c4 e6 3. Nf3 d5 4. g3 Be7 5. Bg2 O-O 6. O-O dxc4 7. Qc2 a6 8. a4
Bd7 9. Qxc4 Bc6 10. Bf4 Bd6 11. Bg5 Nbd7 12. Nbd2 h6 13. Bxf6 Nxf6 14. Rfc1 Qe7
15. Ne1 Bxg2 16. Kxg2 e5 17. dxe5 Qxe5 18. Nef3 Qe7 19. Qb3 Bb4 20. Nc4 a5 21.
Nce5 Rfe8 22. Rd1 Bd6 23. Nc4 Bb4 24. Nce5 Bd6 25. Nc4 Bb4 26. Nce5 Bd6 1/2-1/2

[Event "40th ECC Open 2025"]
[Site "Rhodes GRE"]
[Date "2025.10.22"]
[Round "4.51"]
[White "Harikrishna, Pentala"]
[Black "Steinberg, Nitzan"]
[Result "1-0"]
[WhiteTitle "GM"]
[BlackTitle "GM"]
[WhiteElo "2697"]
[BlackElo "2554"]
[WhiteTeam "Novy Bor"]
[BlackTeam "Rishon Le Zion #1"]
[WhiteFideId "5007003"]
[BlackFideId "2801795"]
[EventDate "2025.10.19"]
[EventType "team"]

1. e4 c5 2. Nf3 d6 3. d4 cxd4 4. Nxd4 Nf6 5. Nc3 a6 6. Be3 e6 7. a3 Be7 8. g4
Nfd7 9. g5 b5 10. h4 Bb7 11. f4 Nc6 12. Rh3 Rc8 13. f5 Nxd4 14. Bxd4 Ne5 15. Qe2
O-O 16. Qf2 f6 17. O-O-O Qe8 18. g6 hxg6 19. Rg3 Rxc3 20. Bxc3 Bxe4 21. fxg6 d5
22. Bd3 Qc6 23. Bxe4 dxe4 24. Bxe5 fxe5 25. Qe2 Rf5 26. Rg4 Qc4 27. Qxc4 bxc4
28. Rxe4 c3 29. b4 1-0

[Event "40th ECC Open 2025"]
[Site "Rhodes GRE"]
[Date "2025.10.22"]
[Round "4.52"]
[White "Sokolovsky, Yahli"]
[Black "Grandelius, Nils"]
[Result "0-1"]
[WhiteTitle "GM"]
[BlackTitle "GM"]
[WhiteElo "2539"]
[BlackElo "2645"]
[WhiteTeam "Rishon Le Zion #1"]
[BlackTeam "Novy Bor"]
[WhiteFideId "2820242"]
[BlackFideId "1710400"]
[EventDate "2025.10.19"]
[EventType "team"]

1. e4 c6 2. d4 d5 3. e5 c5 4. Nf3 Nc6 5. dxc5 e6 6. Be3 Nh6 7. c3 Nf5 8. Bd4 Bd7
9. Qd2 Ncxd4 10. cxd4 b6 11. cxb6 Qxb6 12. Nc3 Rb8 13. Rb1 Bb4 14. Be2 Bxc3 15.
Qxc3 Bb5 16. Qb4 Qa6 17. O-O Rb6 18. Bxb5+ Rxb5 19. Qc3 O-O 20. a3 Rbb8 21. Rfc1
h6 22. g4 Ne7 23. Qe3 Qa4 24. Rc3 Rfc8 25. b4 Rxc3 26. Qxc3 Rc8 27. Qb3 Qb5 28.
a4 Qe2 29. Re1 Qc4 30. Qxc4 dxc4 31. Rc1 Nd5 32. b5 c3 33. a5 Rc4 34. Kf1 Rb4
35. b6 axb6 36. axb6 Rxb6 37. Ng1 g5 38. Ne2 Rb3 39. Ng3 Kf8 40. Ne4 Kg7 41. h3
Ra3 42. Ke2 Ra2+ 43. Kd1 Ra4 44. Nxc3 Rxd4+ 45. Ke2 Nf4+ 46. Ke3 Rd3+ 47. Ke4
Rxh3 48. Rc2 Rh1 49. Nb5 Re1+ 50. Kd4 Ng6 51. Rc5 Nh4 52. Rc3 h5 53. f3 hxg4 54.
fxg4 Rg1 0-1

[Event "40th ECC Open 2025"]
[Site "Rhodes GRE"]
[Date "2025.10.22"]
[Round "4.53"]
[White "Anton Guijarro, David"]
[Black "Zanan, Evgeny"]
[Result "1/2-1/2"]
[WhiteTitle "GM"]
[BlackTitle "GM"]
[WhiteElo "2631"]
[BlackElo "2504"]
[WhiteTeam "Novy Bor"]
[BlackTeam "Rishon Le Zion #1"]
[WhiteFideId "2285525"]
[BlackFideId "24101940"]
[EventDate "2025.10.19"]
[EventType "team"]

1. d4 Nf6 2. c4 e6 3. Nc3 Bb4 4. e3 b6 5. Ne2 Ba6 6. Ng3 Bxc3+ 7. bxc3 d5 8. Qf3
O-O 9. cxd5 exd5 10. Bxa6 Nxa6 11. Qe2 Nb8 12. c4 Re8 13. O-O Nc6 14. Bb2 Ne4
15. Rfc1 Ne7 16. Nxe4 dxe4 17. Qg4 f5 18. Qg5 h6 19. Qg3 Qd6 20. a4 Qxg3 21.
hxg3 c5 22. dxc5 bxc5 23. Ba3 Rac8 24. Rd1 Red8 25. Kf1 Kf7 26. Rxd8 Rxd8 27.
Bxc5 Nc6 28. Rb1 Ke6 29. Ke2 h5 30. f3 Rd3 31. Rb7 Rd7 32. Rb5 g6 33. f4 Rd3 34.
Rb7 Rd7 35. Rb3 Rd8 36. Rb5 Rd3 37. a5 Rc3 38. Bxa7 Rxc4 39. Bb6 Rc2+ 40. Kf1
Rc1+ 41. Kf2 Ra1 42. Ke2 Ra2+ 43. Kf1 Ra1+ 44. Kf2 Kd7 45. Rd5+ Ke6 46. Rb5 Kd7
47. Rd5+ Ke6 1/2-1/2

[Event "40th ECC Open 2025"]
[Site "Rhodes GRE"]
[Date "2025.10.22"]
[Round "4.54"]
[White "Bronstein, Or"]
[Black "Bjerre, Jonas Buhl"]
[Result "1/2-1/2"]
[WhiteTitle "IM"]
[BlackTitle "GM"]
[WhiteElo "2460"]
[BlackElo "2629"]
[WhiteTeam "Rishon Le Zion #1"]
[BlackTeam "Novy Bor"]
[WhiteFideId "2815770"]
[BlackFideId "1444948"]
[EventDate "2025.10.19"]
[EventType "team"]

1. d4 Nf6 2. c4 e6 3. Nc3 Bb4 4. Qc2 c5 5. dxc5 Bxc5 6. Nf3 b6 7. Bf4 Bb7 8. a3
Nc6 9. O-O-O O-O 10. e4 Ng4 11. Bg3 f6 12. Kb1 Rc8 13. Qd2 Rf7 14. Ne1 a5 15. h3
Nh6 16. Nc2 Ba6 17. f4 f5 18. Be1 Qf8 19. g3 Rd8 20. Bd3 Nd4 21. Rf1 Rc8 22. Qg2
Bb7 23. Nxd4 Bxd4 24. Nb5 Bc5 25. g4 fxg4 26. Bd2 Nf5 27. hxg4 Ne3 28. Bxe3 Bxe3
29. Qh3 Bxf4 30. e5 g5 31. Nd6 Rb8 32. Qh5 Rg7 33. Be4 Bxe4+ 34. Nxe4 Qf7 35.
Nf6+ Kh8 36. Nxd7 Qxh5 37. gxh5 Rd8 38. Nf6 Rc8 39. h6 Rgc7 40. Rd6 Bxe5 41.
Rxe6 Bxf6 42. Rexf6 Rg8 43. b3 a4 44. Kb2 axb3 45. Kxb3 g4 46. Rg1 1/2-1/2

[Event "40th ECC Open 2025"]
[Site "Rhodes GRE"]
[Date "2025.10.22"]
[Round "4.55"]
[White "Warmerdam, Max"]
[Black "Gukesh, D"]
[Result "0-1"]
[WhiteTitle "GM"]
[BlackTitle "GM"]
[WhiteElo "2582"]
[BlackElo "2752"]
[WhiteTeam "Kfar Saba"]
[BlackTeam "SuperChess"]
[WhiteFideId "1048104"]
[BlackFideId "46616543"]
[EventDate "2025.10.19"]
[EventType "team"]

1. d4 d5 2. c4 e6 3. Nf3 Nf6 4. g3 Bb4+ 5. Nbd2 a5 6. Bg2 a4 7. O-O Nc6 8. Qc2
O-O 9. Rd1 Be7 10. e3 Nb4 11. Qc3 dxc4 12. a3 Nfd5 13. Qxc4 Nb6 14. Qc3 Nc6 15.
Qc2 Na5 16. Rb1 Bd7 17. Ne5 Be8 18. Ne4 Nd5 19. Nc5 Bxc5 20. dxc5 Qc8 21. Bd2 f6
22. Bxa5 Rxa5 23. Nd3 Ne7 24. Qc4 Bf7 25. Qc3 Ra8 26. Nb4 c6 27. Rd6 Nf5 28. Rd3
e5 29. Rbd1 Be6 30. Nc2 Qc7 31. e4 Nh6 32. Ne3 Qa5 33. Qc1 Nf7 34. Nf5 Rfd8 35.
Nd6 Nxd6 36. Rxd6 Kf7 37. Bf1 Rxd6 38. cxd6 Kf8 39. Kg2 Bb3 40. Rd3 Rd8 41. Be2
Be6 42. h3 c5 43. Bg4 Bf7 44. h4 Qb5 45. Qc3 b6 46. f4 exf4 47. e5 c4 48. Rd2
fxe5 49. gxf4 exf4 50. Qd4 h5 51. Bf3 Qf5 52. Qxb6 Qf6 53. Qf2 Kg8 54. d7 Be6
55. Bxh5 Rxd7 56. Rxd7 Bxd7 57. Kh2 Qf5 58. Be2 Qh3+ 59. Kg1 Bc6 60. Qh2 Qe3+
61. Qf2 Qe4 62. Qh2 f3 63. Bf1 Qg4+ 64. Kf2 Qd4+ 0-1

[Event "40th ECC Open 2025"]
[Site "Rhodes GRE"]
[Date "2025.10.22"]
[Round "4.56"]
[White "Van Foreest, Jorden"]
[Black "Gorshtein, Ido"]
[Result "1/2-1/2"]
[WhiteTitle "GM"]
[BlackTitle "GM"]
[WhiteElo "2697"]
[BlackElo "2537"]
[WhiteTeam "SuperChess"]
[BlackTeam "Kfar Saba"]
[WhiteFideId "1039784"]
[BlackFideId "2815532"]
[EventDate "2025.10.19"]
[EventType "team"]

1. d4 Nf6 2. c4 e6 3. Nc3 Bb4 4. Nf3 b6 5. Qb3 Qe7 6. a3 Bxc3+ 7. Qxc3 Bb7 8. e3
d6 9. b4 Nbd7 10. Bb2 O-O 11. Be2 Ne4 12. Qc2 f5 13. O-O Ng5 14. Ne1 c5 15. Rd1
cxd4 16. exd4 Rac8 17. Qb3 b5 18. c5 Bd5 19. Qd3 a6 20. Nf3 Nxf3+ 21. Bxf3 Bc4
22. Qe3 Bxf1 23. Rxf1 dxc5 24. dxc5 Nf6 25. Re1 Rfe8 26. h3 Qf7 27. Be5 Nd5 28.
Qe2 h6 29. Bh5 g6 30. Bf3 Kh7 31. Rc1 Rc6 32. g3 Rd8 33. Bb2 Qc7 34. Re1 Qf7 35.
h4 h5 36. Kg2 Rd7 37. Ra1 Rd8 38. Rc1 Rd7 39. Re1 Rd8 40. Qe5 Rf8 41. Kg1 Rd8
42. Qe2 Rf8 43. Qd2 Rd8 44. Qg5 Rd7 45. Kg2 Qe8 46. g4 hxg4 47. Bxd5 Rxd5 48. h5
e5 49. hxg6+ Qxg6 50. Qe7+ Kg8 51. Qb7 Qe6 52. Rxe5 Rxe5 53. Bxe5 Qd5+ 54. Kg1
Qd1+ 55. Kg2 Qd5+ 56. Kg1 Kf8 57. Qg7+ Ke8 58. Qh8+ Ke7 59. Qh4+ Kd7 60. Qh7+
Ke6 61. Bf4 Qd1+ 62. Kh2 Qd7 63. Qg8+ Qf7 64. Qd8 Qd7 65. Qg8+ Qf7 66. Qd8 Qd7 1/2-1/2

[Event "40th ECC Open 2025"]
[Site "Rhodes GRE"]
[Date "2025.10.22"]
[Round "4.57"]
[White "Boruchovsky, Avital"]
[Black "Sarana, Alexey"]
[Result "1/2-1/2"]
[WhiteTitle "GM"]
[BlackTitle "GM"]
[WhiteElo "2509"]
[BlackElo "2661"]
[WhiteTeam "Kfar Saba"]
[BlackTeam "SuperChess"]
[WhiteFideId "2800055"]
[BlackFideId "24133795"]
[EventDate "2025.10.19"]
[EventType "team"]

1. d4 Nf6 2. c4 e6 3. g3 d5 4. Bg2 Bd6 5. Nf3 O-O 6. O-O Nbd7 7. Nc3 dxc4 8. Bg5
e5 9. Rc1 h6 10. Bxf6 Qxf6 11. Ne4 Qe6 12. Qc2 Nb6 13. Nxd6 cxd6 14. dxe5 dxe5
15. Nd2 Rd8 16. Nxc4 Nxc4 17. Qxc4 Qxc4 18. Rxc4 Rd2 19. Rfc1 Be6 20. R4c2 Rad8
21. Bxb7 Bxa2 22. Rxd2 Rxd2 23. Rc8+ Kh7 24. Rc2 Rd7 25. Bc6 Rd4 26. f3 g6 27.
Kf2 Rb4 28. Rd2 Rb6 29. Be4 Kg7 30. Rd7 a6 31. Bd3 Be6 32. Ra7 Bc8 33. Ra8 1/2-1/2

[Event "40th ECC Open 2025"]
[Site "Rhodes GRE"]
[Date "2025.10.22"]
[Round "4.58"]
[White "Deac, Bogdan-Daniel"]
[Black "Levin, Guy"]
[Result "1-0"]
[WhiteTitle "GM"]
[BlackTitle "IM"]
[WhiteElo "2655"]
[BlackElo "2466"]
[WhiteTeam "SuperChess"]
[BlackTeam "Kfar Saba"]
[WhiteFideId "1226380"]
[BlackFideId "2824213"]
[EventDate "2025.10.19"]
[EventType "team"]

1. e4 e5 2. Nf3 Nf6 3. Nxe5 d6 4. Nf3 Nxe4 5. d4 Be7 6. Bd3 d5 7. O-O Nc6 8. Nc3
Bf5 9. Re1 Nxc3 10. bxc3 Bxd3 11. Qxd3 O-O 12. c4 Bf6 13. Ba3 dxc4 14. Qxc4 Re8
15. Rxe8+ Qxe8 16. Re1 Qd7 17. d5 Na5 18. Qd3 b5 19. Nd2 Re8 20. Rxe8+ Qxe8 21.
Kf1 a6 22. Bb4 Nb7 23. Ne4 Qd8 24. c4 Be7 25. c5 c6 26. d6 Bf8 27. Bd2 h6 28.
Qh3 Qe8 29. Qf5 Qd8 30. g4 g6 31. Qf3 Bg7 32. h3 Qe8 33. Bxh6 Qe5 34. Bf4 Qd4
35. Be3 Qd3+ 36. Kg2 Qd5 37. Ng5 Qxf3+ 38. Nxf3 b4 39. Nd4 Bxd4 40. Bxd4 f6 41.
Kf3 Kf7 42. h4 a5 43. Ke4 Nd8 44. Kd3 a4 45. Kc4 Ne6 46. Be3 b3 47. axb3 axb3
48. Kxb3 f5 49. f3 fxg4 50. fxg4 Nf8 51. Kc4 Nd7 52. Bd4 1-0

[Event "40th ECC Open 2025"]
[Site "Rhodes GRE"]
[Date "2025.10.22"]
[Round "4.59"]
[White "Erenberg, Ariel"]
[Black "Dardha, Daniel"]
[Result "1/2-1/2"]
[WhiteTitle "IM"]
[BlackTitle "GM"]
[WhiteElo "2510"]
[BlackElo "2605"]
[WhiteTeam "Kfar Saba"]
[BlackTeam "SuperChess"]
[WhiteFideId "2811634"]
[BlackFideId "240990"]
[EventDate "2025.10.19"]
[EventType "team"]

1. e4 c5 2. Nf3 d6 3. d4 cxd4 4. Nxd4 Nf6 5. Nc3 Nc6 6. Bg5 e6 7. Qd2 a6 8. Nxc6
bxc6 9. O-O-O Be7 10. Bxf6 gxf6 11. Bc4 Bb7 12. Bb3 Qc7 13. f4 O-O-O 14. Rhe1
Kb8 15. Kb1 h5 16. a3 d5 17. exd5 cxd5 18. f5 d4 19. Ne4 exf5 20. Ng3 f4 21. Ne2
f3 22. gxf3 Qxh2 23. Bxf7 Qc7 24. Bg6 Bxf3 25. Qd3 Qb7 26. Nxd4 Bxd1 27. Be4 Qb6
28. Rxd1 Rxd4 29. Qxd4 Qxd4 30. Rxd4 h4 31. Rd7 Bc5 32. b4 Be3 33. c4 h3 34. Rh7
Rxh7 35. Bxh7 a5 36. Kc2 Kc7 37. c5 axb4 38. axb4 Bxc5 39. bxc5 Kc6 40. Kd3 1/2-1/2

[Event "40th ECC Open 2025"]
[Site "Rhodes GRE"]
[Date "2025.10.22"]
[Round "4.60"]
[White "Lupulescu, Constantin"]
[Black "Mindlin, Alon"]
[Result "1/2-1/2"]
[WhiteTitle "GM"]
[BlackTitle "IM"]
[WhiteElo "2577"]
[BlackElo "2451"]
[WhiteTeam "SuperChess"]
[BlackTeam "Kfar Saba"]
[WhiteFideId "1207822"]
[BlackFideId "2800071"]
[EventDate "2025.10.19"]
[EventType "team"]

1. e4 e5 2. Nf3 Nc6 3. Bb5 a6 4. Ba4 Nf6 5. O-O Be7 6. Re1 b5 7. Bb3 d6 8. c3
O-O 9. h3 Nb8 10. d4 Nbd7 11. Nbd2 Bb7 12. Bc2 Re8 13. Nf1 Bf8 14. Ng3 g6 15. b3
Bg7 16. d5 Qb8 17. Be3 c6 18. c4 Rc8 19. Qd2 Qc7 20. Rec1 Qd8 21. Rab1 Qe7 22.
a4 Rab8 23. Ba7 Ra8 24. Be3 Rab8 25. axb5 axb5 26. Ra1 bxc4 27. bxc4 cxd5 28.
cxd5 Nc5 29. Ra7 Nfd7 30. Ba4 Nxa4 31. Rxa4 Rxc1+ 32. Qxc1 f5 33. Qc7 fxe4 34.
Ng5 Qd8 35. Qxd6 Nf8 36. Qxd8 Rxd8 37. Ne6 Rxd5 38. Nxg7 Kxg7 39. Nxe4 Rd1+ 40.
Kh2 Bxe4 41. Rxe4 Kf6 42. Ra4 Ne6 43. Kg3 Rd6 44. Kf3 Ng5+ 45. Ke2 Ne6 46. Kf3
Ng5+ 1/2-1/2

[Event "40th ECC Open 2025"]
[Site "Rhodes GRE"]
[Date "2025.10.22"]
[Round "4.61"]
[White "Xiao, Tong(QD)"]
[Black "Rozen, Eytan"]
[Result "1/2-1/2"]
[WhiteTitle "GM"]
[BlackTitle "IM"]
[WhiteElo "2537"]
[BlackElo "2510"]
[WhiteTeam "Turkish Airlines sports club"]
[BlackTeam "Beer Sheva"]
[WhiteFideId "8622388"]
[BlackFideId "2816750"]
[EventDate "2025.10.19"]
[EventType "team"]

1. e4 c6 2. d4 d5 3. e5 c5 4. Nf3 cxd4 5. Nxd4 Nc6 6. Nxc6 bxc6 7. Bd3 e6 8. Nd2
Ne7 9. Qe2 a5 10. Nf3 Qb6 11. c4 Ba6 12. O-O Ng6 13. h4 dxc4 14. Bxc4 Bxc4 15.
Qxc4 Qb5 16. Qc2 Qc5 17. Qxc5 Bxc5 18. h5 Ne7 19. Bg5 h6 20. Bxe7 Kxe7 21. Rac1
Bb6 22. Rxc6 Rab8 23. Rd1 Rhc8 24. Rdd6 Bc7 25. Rd2 Bb6 26. Rdc2 Rd8 27. g3 Rd5
28. b3 Bd8 29. R6c4 Rb4 30. Rxb4 axb4 31. Rc4 Ba5 32. Kg2 f6 33. exf6+ gxf6 34.
Nd4 Rxh5 35. Nc6+ Kd7 36. Nxb4 Bb6 37. a4 Re5 38. Kf1 Rh5 39. Kg2 Re5 40. Rc2
Re1 41. Rd2+ Ke8 42. Rd6 Bc7 43. Ra6 Ke7 44. Nd3 Rb1 45. b4 Bd6 46. Ra7+ Ke8 47.
Rb7 e5 48. a5 e4 49. a6 exd3 50. a7 Ra1 51. Rb8+ Kf7 52. a8=Q Rxa8 53. Rxa8 d2
54. Ra1 Bxb4 55. Kf3 h5 56. Ke2 Kg6 57. Rh1 Bc5 58. Rh2 Bb4 59. Rh4 Bc3 60. Ra4
Kh6 61. Ra8 Bd4 62. f4 Bf2 63. Ra3 Be1 64. Rd3 Kg6 65. Kf3 Kf5 66. Rd5+ Ke6 67.
Rd3 Kf5 68. Rd6 Kg6 69. Rd5 Kf7 70. Kg2 Ke6 71. Rd4 Kf5 72. Kf3 Ke6 73. Rd8 Ke7
74. Rd3 Ke6 75. Rd4 Kf5 76. Rd6 Kg6 77. g4 h4 78. g5 h3 79. Rxf6+ Kg7 80. Rd6 h2
81. Rd7+ Kg6 82. Rd6+ Kg7 83. Kg2 Bg3 84. Rxd2 Bxf4 85. Rf2 Bxg5 86. Kxh2 Bf6
87. Kg3 Kf7 88. Kf4 Ke6 89. Ke4 Be7 90. Ra2 Kd6 91. Ra5 Kc6 92. Kd4 Bd8 93. Rc5+
Kb7 94. Kc4 Bb6 95. Rh5 Kc6 96. Rh6+ Kb7 97. Kb5 Be3 98. Rh7+ Kb8 99. Kc6 Bf2
100. Rb7+ Ka8 101. Rb2 Be3 102. Kc7 Bf4+ 103. Kb6 Be3+ 104. Ka6 Bf4 105. Rb7 Bb8
106. Rh7 Bf4 107. Ra7+ Kb8 108. Re7 Bg3 109. Rf7 Be5 110. Rb7+ Ka8 111. Rd7 Bf4
112. Ra7+ Kb8 113. Re7 Bg3 114. Kb6 Bf2+ 115. Kc6 Bg3 116. Rb7+ Ka8 117. Rb3 Be5
118. Re3 Bf4 119. Re8+ Bb8 120. Kb6 1/2-1/2